000
00299nam a2200109Ia 4500
008
230907s9999||||xx |||||||||||||| ||und||
082
_a
621.3813
_b
BEN
100
_a
Benford, James.
_9
115462
245
0
_a
High power microwaves /
300
_a
xiv pages, 2 unnumbered leaves, 453 pages :
942
_c
BK
999
_c
598451
_d
598451